[Event "Tourn. n8334"]
[Site "www.chess-mail.com"]
[Date "2015.10.04"]
[Round "1"]
[White "Osopanda"]
[Black "Luban"]
[WhiteElo "1970"]
[BlackElo "2090"]
[Result "0-1"]
[Round "1"]
1.c4 e6
2.d4 d5
3.Nb1c3 Ng8f6
4.cxd5 exd5
5.Ng1f3 c6
6.g3 h6
7.Bf1g2 Bc8f5
8.O-O Bf8d6
9.Nf3h4 Bf5h7
10.Rf1e1 O-O
11.e4 dxe4
12.Nc3xe4 Bh7xe4
13.Bg2xe4 Nf6xe4
14.Re1xe4 Nb8d7
15.Nh4f5 Qd8f6
16.Nf5xd6 Qf6xd6
17.Bc1f4 Qd6g6
18.f3 Nd7b6
19.Qd1b3 Ra8c8
20.Ra1e1 Kh8
21.Re4e7 Nb6d5
22.Re7e4 Nd5f6
23.Re4e5 Nf6d5
24.Kf2 b6
25.h4 Nd5xf4
26.gxf4 f6
27.Re5e7 Rf8e8
28.f5 Qg6h5
29.Re7xe8 Rc8xe8
30.Re1xe8 Qh5xe8
31.Qb3a4 Qe8d7
32.Ke3 Qd7xf5
33.Qa4xc6 Qf5a5
34.a3 Qa5e1
35.Kf4 Qe1xh4
36.Ke3 Qh4g5
37.Kd3 h5
38.Qc6e8 Kh7
39.b4 Qg5g6
40.Qe8xg6 Kxg6
41.d5 Kf7
42.Ke4 g5
43.Kf5 h4
44.Kg4 Ke7
45.f4 Kd6
{ resign }
0-1

[Event "Tourn. n8355"]
[Site "www.chess-mail.com"]
[Date "2015.10.04"]
[Round "1"]
[White "Hundegana"]
[Black "Falcoale"]
[WhiteElo "1960"]
[BlackElo "1930"]
[Result "1-0"]
[Round "1"]
1.e4 c5
2.Bf1c4 e6
3.b3 Nb8c6
4.Bc1b2 a6
5.a4 Nc6b4
6.c3 Nb4c6
7.Ng1f3 b6
8.O-O Bc8b7
9.Rf1e1 Bf8e7
10.d4 cxd4
11.cxd4 Nc6a5
12.d5 Ng8f6
13.d6 Be7f8
14.e5 Nf6d5
15.Bc4xd5 Bb7xd5
16.Bb2c3 Na5xb3
17.Ra1a3 Nb3c5
18.Nb1d2 g6
19.Bc3d4 Bf8g7
20.Bd4xc5 bxc5
21.Qd1c2 O-O
22.Qc2xc5 Ra8c8
23.Qc5a7 Rc8a8
24.Qa7c7 Qd8e8
25.h3 f6
26.exf6 Bg7xf6
27.Ra3d3 Bd5c6
28.Qc7a5 Bf6d8
29.Qa5b4 a5
30.Qb4c4 Ra8c8
31.Qc4a2 Bc6d5
32.Rd3xd5 Qe8f7
33.Rd5d3 Bd8f6
34.Nd2e4 Qf7g7
35.Ne4xf6 Rf8xf6
36.Qa2d2 Rc8c5
37.Re1b1 Qg7f8
38.Rb1b5 Rc5f5
39.Rb5xf5 Rf6xf5
40.Nf3h2 Qf8f6
41.Nh2g4 Qf6a1
42.Kh2 Qa1xa4
43.g3 Qa4c6
44.Ng4h6 Kg7
45.Nh6xf5 exf5
46.Qd2c3 { resign }
1-0

[Event "Tourn. n8344"]
[Site "www.chess-mail.com"]
[Date "2015.10.04"]
[Round "1"]
[White "Ditto"]
[Black "Bojan"]
[WhiteElo "1840"]
[BlackElo "1950"]
[Result "1/2-1/2"]
[Round "1"]
1.e4 e5
2.Ng1f3 Nb8c6
3.Bf1c4 d6
4.Nb1c3 Bf8e7
5.d4 exd4
6.Nf3xd4 Nc6xd4
7.Qd1xd4 Be7f6
8.Qd4d5 Qd8d7
9.O-O c6
10.Qd5d3 Ng8e7
11.Rf1e1 Qd7g4
12.Nc3e2 O-O
13.Ra1b1 Bf6e5
14.c3 Kh8
15.Ne2g3 h5
16.Bc4b3 g6
17.Bb3d1 Qg4d7
18.Bc1g5 f6
19.Bg5d2 c5
20.Qd3e3 Ne7g8
21.Bd1b3 Be5xg3
22.Qe3xg3 Qd7h7
23.Qg3xd6 Qh7e7
24.Qd6xe7 Ng8xe7
25.Bd2e3 b6
26.Rb1d1 Ne7c6
27.Bb3d5 Bc8b7
28.Be3h6 Rf8d8
29.Bh6f4 g5
30.Bf4c1 Ra8b8
31.b3 Kg7
32.Re1e3 Rd8d6
33.Bc1b2 Bb7a6
34.c4 Nc6e5
35.Re3e1 Rd6d8
36.Bb2c1 Rd8e8
37.f4 Ne5f7
38.Bd5xf7 Kxf7
39.Rd1d7 Re8e7
40.Rd7xe7 Kxe7
41.fxg5 Rb8g8
42.gxf6 Kxf6
43.Bc1b2 Ke6
44.e5 Ba6b7
45.Re1e2 Rg8f8
{ draw }
1/2-1/2

[Event "Tourn. n8406"]
[Site "www.chess-mail.com"]
[Date "2015.10.04"]
[Round "1"]
[White "Falcoale"]
[Black "Ruko"]
[WhiteElo "1910"]
[BlackElo "1940"]
[Result "1-0"]
[Round "1"]
1.e4 e5
2.Ng1f3 Nb8c6
3.Bf1c4 Bf8c5
4.a3 Ng8f6
5.d3 d6
6.Bc1g5 Bc8g4
7.h3 Bg4h5
8.Nb1d2 h6
9.Bg5h4 O-O
10.O-O Rf8e8
11.Qd1e1 a6
12.c3 Qd8e7
13.b4 Bc5b6
14.b5 axb5
15.Bc4b3 Ra8a6
16.Bb3d1 Re8a8
17.Nf3h2 Bh5xd1
18.Qe1xd1 Ra6xa3
19.Ra1xa3 Ra8xa3
20.Nh2g4 g5
21.Ng4xh6 Kh7
22.Bh4xg5 Ra3xc3
23.Qd1f3 Kg7
24.Nh6f5 { resign }
1-0

[Event "Tourn. n8406"]
[Site "www.chess-mail.com"]
[Date "2015.10.04"]
[Round "1"]
[White "Bojan"]
[Black "Falcoale"]
[WhiteElo "1910"]
[BlackElo "1910"]
[Result "1-0"]
[Round "1"]
1.e4 c5
2.Ng1f3 Nb8c6
3.Bf1b5 Qd8c7
4.Nb1c3 e6
5.d4 a6
6.Bb5e2 cxd4
7.Nf3xd4 Bf8b4
8.Qd1d3 Nc6e5
9.Qd3g3 Ng8f6
10.Qg3xg7 Bb4xc3
11.bxc3 Qc7xc3
12.Kd1 Qc3xd4
13.Be2d3 Rh8g8
14.Qg7xf6 Qd4xa1
15.Ke2 Rg8g6
16.Qf6h8 Ke7
17.Bc1g5 Rg6xg5
18.Rh1xa1 Rg5xg2
19.Qh8xe5 Rg2g8
20.f4 Rg8g2
21.Kf3 Rg2xh2
22.Ra1g1 b6
23.Rg1g2 Rh2h1
24.f5 Bc8b7
25.f6 { resign }
1-0

[Event "Match"]
[Site "www.echecsemail.com"]
[Date "2015.10.04"]
[Round "1"]
[White "Drdoom"]
[Black "Emerchess"]
[WhiteElo "1770"]
[BlackElo "1299"]
[Result "0-1"]
[Round "1"]
1.e4 c5
2.d4 cxd4
3.Qd1xd4 Nb8c6
4.Qd4d1 Ng8f6
5.Bf1d3 Nc6b4
6.Qd1f3 Nb4xd3
7.Qf3xd3 g6
8.e5 Qd8a5
9.Bc1d2 Qa5xe5
{ resign }
0-1

[Event "Match"]
[Site "www.echecsemail.com"]
[Date "2015.10.04"]
[Round "1"]
[White "Emerchess"]
[Black "Llord"]
[WhiteElo "1299"]
[BlackElo "1860"]
[Result "1/2-1/2"]
[Round "1"]
1.Ng1f3 Nb8c6
2.d4 e5
3.dxe5 Bf8c5
4.Bc1f4 Ng8e7
5.e3 O-O
6.Bf1d3 Ne7d5
7.Bf4g3 d6
8.exd6 Bc5xd6
9.Bg3xd6 Qd8xd6
10.O-O Bc8g4
11.Nb1d2 Nc6e5
12.Bd3e2 Ne5xf3
13.Nd2xf3 Ra8d8
14.Nf3d4 Bg4xe2
15.Qd1xe2 Nd5f6
16.Ra1d1 Qd6e5
17.c3 c5
18.Nd4f3 Qe5h5
19.Rd1xd8 Rf8xd8
20.Rf1d1 Rd8xd1
21.Qe2xd1 h6
22.Qd1d8 Kh7
23.Qd8c7 Qh5d5
24.h3 Nf6e4
25.Qc7a5 Qd5d1
26.Kh2 Ne4xf2
27.Qa5xa7 Qd1h1
28.Kg3 Nf2e4
29.Kf4 Ne4g5
30.Qa7xb7 Qh1xg2
31.Nf3xg5 Qg2xg5
32.Kf3 f5
33.Qb7d5 Qg5h5
34.Kg2 Qh5e2
35.Kh1 Qe2f1
36.Kh2 Qf1f2
37.Kh1 Qf2f1
38.Kh2 Qf1f2
39.Kh1 Qf2xe3
40.Qd5xf5 Kg8
41.Qf5d5 Kh7
42.Qd5f5 Kg8
43.Qf5d5 Kh7
44.Qd5f5 Kg8
{ draw }
1/2-1/2

[Event "Match"]
[Site "www.echecsemail.com"]
[Date "2015.10.04"]
[Round "1"]
[White "Ranjachess"]
[Black "Rindrandria"]
[WhiteElo "1760"]
[BlackElo "1540"]
[Result "1-0"]
[Round "1"]
1.d4 c6
2.e4 d5
3.Nb1c3 Qd8b6
4.exd5 cxd5
5.Bc1f4 Nb8c6
6.Nc3xd5 Qb6a5
7.Nd5c3 g5
8.Bf4xg5 Qa5xg5
9.d5 Bf8g7
10.dxc6 Bg7xc3
11.bxc3 Qg5e5
12.Ng1e2 bxc6
13.Qd1d4 Qe5xd4
14.cxd4 Bc8b7
15.Ne2f4 O-O-O
16.O-O-O Ng8f6
17.Bf1c4 e6
18.f3 Rh8g8
19.g4 Rg8g5
20.h4 Rg5a5
21.g5 Ra5a4
22.Bc4b3 Ra4xd4
23.Nf4xe6 fxe6
24.gxf6 Rd4f4
25.Bb3xe6 Kc7
26.f7 Rd8d6
27.Rd1xd6 Kxd6
28.Rh1e1 Rf4xf3
29.Re1e3 Rf3f1
30.Kb2 Rf1f2
31.Be6b3 c5
32.Re3e8 c4
33.Bb3xc4 Kc5
34.Bc4b3 Bb7d5
35.Bb3xd5 Kxd5
36.f8Q Rf2xf8
37.Re8xf8 { resign }
1-0

[Event "Match"]
[Site "www.echecsemail.com"]
[Date "2015.10.04"]
[Round "1"]
[White "Emerchess"]
[Black "Guidom"]
[WhiteElo "1299"]
[BlackElo "2150"]
[Result "0-1"]
[Round "1"]
1.Ng1f3 d5
2.d4 c6
3.Bc1f4 Bc8f5
4.e3 Ng8f6
5.h3 e6
6.c4 Bf8d6
7.Bf4xd6 Qd8xd6
8.c5 Qd6c7
9.Nb1c3 Nb8d7
10.Bf1d3 Bf5g6
11.Nf3h4 e5
12.Nh4xg6 hxg6
13.Qd1e2 e4
14.Bd3c2 O-O-O
15.O-O-O Rd8e8
16.Qe2d2 Nf6h5
17.Rh1f1 f5
18.Kb1 g5
19.Nc3e2 Qc7h2
20.Rf1g1 f4
21.Ne2c3 fxe3
22.fxe3 Qh2c7
23.Rd1f1 Re8f8
24.Rf1xf8 Rh8xf8
25.g4 Nh5f6
26.Qd2g2 Qc7d8
27.Rg1f1 Qd8e7
28.Rf1f5 Nf6e8
29.Qg2f2 Rf8xf5
30.Qf2xf5 Qe7f6
31.Qf5xf6 gxf6
32.Nc3d1 Ne8g7
33.Nd1f2 Nd7f8
34.Nf2h1 Nf8g6
35.Nh1g3 Kd8
36.a4 Ke7
37.b4 Ng6h4
38.b5 Nh4g2
39.Ng3f1 f5
40.b6 axb6
41.cxb6 f4
42.a5 Kd7
43.Bc2a4 Kc8
44.exf4 gxf4
45.Kb2 Ng7e6
46.Kc3 e3
{ resign }
0-1

[Event "Match"]
[Site "www.echecsemail.com"]
[Date "2015.10.04"]
[Round "1"]
[White "Culiflori"]
[Black "Ditto"]
[WhiteElo "1900"]
[BlackElo "1820"]
[Result "1-0"]
[Round "1"]
1.e4 e5
2.Ng1f3 Nb8c6
3.Bf1c4 Ng8f6
4.Nf3g5 d5
5.exd5 Nc6d4
6.d6 Qd8xd6
7.Bc4xf7 Kd8
8.Bf7b3 Bc8e6
9.Ng5xe6 Nd4xe6
10.O-O Ne6d4
11.d3 Kd7
12.Nb1c3 Ra8d8
13.Bc1g5 Bf8e7
14.Bg5xf6 Be7xf6
15.Nc3e4 Qd6e7
16.Qd1g4 Ke8
17.Rf1e1 Nd4xb3
18.axb3 a6
19.Ne4xf6 Qe7xf6
20.Qg4h5 g6
21.Qh5xe5 Qf6xe5
22.Re1xe5 Kf7
23.Ra1e1 Rd8c8
24.Re5e7 Kf8
25.Re7d7 h5
26.Re1e7 Rh8g8
27.Rd7xc7 Rc8xc7
28.Re7xc7 Rg8g7
29.Rc7xg7 Kxg7
30.h4 Kf6
31.g3 Ke5
32.Kg2 b5
33.b4 Kd5
34.Kf3 Ke5
35.Ke3 Kd5
36.Kf4 Ke6
37.Kg5 Kf7
38.d4 Kg7
39.d5 Kf7
40.d6 Ke6
41.Kxg6 Kxd6
42.Kxh5 Kd5
43.Kg5 Kc4
44.h5 Kxb4
45.h6 a5
46.h7 a4
47.h8Q a3
48.Qh8c3 Ka4
49.Qc3xa3 { resign }
1-0

[Event "Match"]
[Site "www.echecsemail.com"]
[Date "2015.10.04"]
[Round "1"]
[White "Azorau"]
[Black "Ditto"]
[WhiteElo "1910"]
[BlackElo "1820"]
[Result "0-1"]
[Round "1"]
1.e4 e5
2.Bf1c4 Nb8c6
3.Qd1f3 Ng8f6
4.Qf3b3 Qd8e7
5.Nb1c3 Nc6d4
6.Qb3a4 Qe7d8
7.Ng1f3 Nd4xf3
8.gxf3 Bf8e7
9.Qa4b3 O-O
10.d3 c6
11.Bc1e3 b6
12.O-O-O b5
13.Bc4xb5 Ra8b8
14.Be3xa7 Rb8a8
15.Ba7e3 cxb5
16.Nc3xb5 Ra8b8
17.a4 Bc8a6
18.Be3a7 Rb8b7
19.Ba7e3 Qd8c8
20.Rh1g1 Qc8c6
21.Be3h6 Nf6h5
22.d4 Ba6xb5
23.axb5 Rb7xb5
24.Qb3d3 Qc6xh6
25.Kb1 Qh6a6
26.b3 exd4
27.Qd3xd4 Be7f6
28.Qd4a4 Rb5a5
29.Qa4xd7 Ra5a1

0-1

[Event "Match"]
[Site "www.echecsemail.com"]
[Date "2015.10.04"]
[Round "1"]
[White "Ericleo1980"]
[Black "Karlgrocer"]
[WhiteElo "2260"]
[BlackElo "1960"]
[Result "1-0"]
[Round "1"]
1.e4 c5
2.Ng1f3 Nb8c6
3.d4 cxd4
4.Nf3xd4 Nc6xd4
5.Qd1xd4 e6
6.Nb1c3 Qd8f6
7.e5 Qf6d8
8.Bc1f4 a6
9.a4 g6
10.Nc3e4 Bf8g7
11.Ne4d6 Ke7
12.Qd4b4 Qd8f8
13.Nd6xc8 Ke8
14.Nc8d6 Kd8
15.Nd6xb7 Ke8
16.Nb7d6 Kd8
17.Nd6b7 Kc7
18.Nb7c5 Qf8c8
19.Qb4a5 Kb8
20.Qa5b6 { resign }
1-0

[Event "1/64 Finale"]
[Site "www.chess-mail.com"]
[Date "2015.10.04"]
[Round "1"]
[White "Vega"]
[Black "Maredocla"]
[WhiteElo "2580"]
[BlackElo "2050"]
[Result "1-0"]
[Round "1"]
1.e4 c5
2.Ng1f3 Nb8c6
3.d4 cxd4
4.Nf3xd4 g6
5.Nb1c3 Bf8g7
6.Bc1e3 e6
7.Nd4b5 Bg7e5
8.f4 Be5xc3
9.Nb5xc3 b6
10.Nc3b5 Ng8f6
11.Qd1d6 Qd8e7
12.Nb5c7 Kf8
13.Qd6xe7 Kxe7
14.Nc7xa8 Kd8
15.Bf1d3 Bc8b7
16.Na8xb6 axb6
17.Be3xb6 Ke7
18.e5 Nf6h5
19.Bb6c5 Ke8
20.O-O f5
21.a4 Kf7
22.a5 Rh8c8
23.a6 Bb7a8
24.b4 Nh5g7
25.b5 Nc6xe5
26.fxe5 Rc8xc5
27.b6 { resign }
1-0

[Event "1/128 Finale"]
[Site "www.chess-mail.com"]
[Date "2015.10.04"]
[Round "1"]
[White "Giupiter"]
[Black "Jhw"]
[WhiteElo "1509"]
[BlackElo "1910"]
[Result "0-1"]
[Round "1"]
1.e4 c5
2.Ng1f3 e6
3.d4 Nb8c6
4.d5 exd5
5.exd5 Nc6e7
6.Bf1c4 Ng8f6
7.d6 Nf6e4
8.Nf3e5 Qd8a5
9.Bc1d2 Ne4xd2
10.Nb1xd2 Ne7f5
 { time }
0-1

[Event "Tourn. n8366"]
[Site "www.chess-mail.com"]
[Date "2015.10.05"]
[Round "1"]
[White "Hundegana"]
[Black "Panham"]
[WhiteElo "1980"]
[BlackElo "2160"]
[Result "0-1"]
[Round "1"]
1.e4 e6
2.e5 d5
3.d4 c5
4.c3 Nb8c6
5.Ng1f3 Qd8b6
6.Bf1e2 cxd4
7.cxd4 Bf8b4
8.Bc1d2 Ng8e7
9.O-O Nc6xd4
10.Nf3xd4 Qb6xd4
11.Bd2xb4 Qd4xb4
12.Qd1c2 Ne7g6
13.a3 Qb4b6
14.Kh1 Ng6xe5
15.Nb1c3 O-O
16.b4 Bc8d7
17.Ra1c1 Ra8c8
18.f4 Ne5c4
19.Be2xc4 Rc8xc4
20.Qc2d2 Rf8c8
21.h3 Qb6c7
22.Nc3e2 Bd7b5
23.Rc1xc4 Bb5xc4
24.Rf1f2 Bc4xe2
25.Qd2xe2 Qc7c1
26.Kh2 Qc1xa3
27.Qe2d2 Qa3c3
28.b5 Qc3xd2
29.Rf2xd2 Kf8
30.Rd2a2 Rc8c5
31.Ra2xa7 Rc5xb5
32.Kg3 Ke7
33.Kf3 Kf6
34.g4 Rb5b4
35.h4 h6
36.g5 hxg5
37.hxg5 Kf5
38.Ra7a3 Rb4xf4
39.Ke3 d4
40.Ke2 Kxg5
41.Ra3b3 Kf5
42.Rb3xb7 Ke4
43.Rb7d7 g5
44.Rd7d8 g4
45.Rd8g8 d3
46.Ke1 Ke3
47.Rg8g5 d2
48.Kd1 Rf4f1
49.Kc2 d1Q
{ resign }
0-1

[Event "Tourn. n8381"]
[Site "www.chess-mail.com"]
[Date "2015.10.05"]
[Round "1"]
[White "Gatrooper"]
[Black "Tomcapp"]
[WhiteElo "1500"]
[BlackElo "1680"]
[Result "1-0"]
[Round "1"]
1.e4 e5
2.a3 Ng8f6
3.Nb1c3 Bf8d6
4.h3 c5
5.Ng1f3 Nb8c6
6.d3 Nc6d4
7.Nf3xd4 cxd4
8.Nc3d5 Nf6xd5
9.exd5 Qd8f6
10.h4 h5
11.Bc1g5 Qf6g6
12.Qd1d2 b5
13.Qd2a5 O-O
14.O-O-O a6
15.Qa5d2 Bc8b7
16.g4 hxg4
17.Bf1e2 Bb7xd5
18.Rh1g1 Bd5e6
19.Be2xg4 Be6xg4
20.Rg1xg4 a5
21.Rd1g1 Qg6h5
22.Bg5f6 g6
23.Qd2e2 Qh5f5
24.Bf6g5 b4
25.h5 bxa3
26.hxg6 fxg6
27.Bg5h4 a2
28.Rg4xg6 Kf7
29.Rg6f6 Qf5xf6
30.Bh4xf6 Kxf6
31.Qe2f3 Ke7
32.Rg1g7 Ke8
33.Qf3xa8 { resign }
1-0

[Event "Tourn. n8409"]
[Site "www.chess-mail.com"]
[Date "2015.10.05"]
[Round "1"]
[White "Boyc"]
[Black "Gatrooper"]
[WhiteElo "1530"]
[BlackElo "1530"]
[Result "1-0"]
[Round "1"]
1.e4 e5
2.Ng1f3 Nb8c6
3.Bf1c4 d6
4.d4 Bc8e6
5.d5 Be6xd5
6.Qd1xd5 Qd8e7
7.O-O Nc6b4
8.Qd5xb7 Nb4xc2
9.Bc4b5 c6
10.Bb5xc6 Kd8
11.Qb7xa8 Kc7
12.Qa8b7 Kd8
13.Qb7b8 { resign }
1-0

[Event "Tourn. n8382"]
[Site "www.chess-mail.com"]
[Date "2015.10.05"]
[Round "1"]
[White "Guidom"]
[Black "Geodad5"]
[WhiteElo "2130"]
[BlackElo "2200"]
[Result "0-1"]
[Round "1"]
1.e4 e5
2.Ng1f3 d6
3.Bf1c4 Ng8f6
4.d3 Bf8e7
5.O-O O-O
6.Bc1g5 Bc8g4
7.Nb1d2 Nb8c6
8.a3 h6
9.Bg5h4 Nf6h7
10.Bh4xe7 Qd8xe7
11.h3 Bg4xf3
12.Nd2xf3 Kh8
13.Qd1d2 f5
14.Ra1e1 fxe4
15.dxe4 Rf8f4
16.Qd2e3 a6
17.Bc4d5 Nc6d8
18.Nf3h2 c6
19.Bd5b3 Nd8e6
20.g3 Rf4f6
21.Nh2g4 Rf6g6
22.f4 exf4
23.gxf4 Ne6c5
24.Kh2 h5
25.Ng4f2 Nc5xb3
26.Qe3xb3 Ra8f8
27.Nf2d3 Qe7h4
28.Re1e3 Nh7f6
29.Re3f3 Nf6xe4
30.Qb3b4 Rg6g3
31.Rf3xg3 Qh4xg3
32.Kh1 Qg3xh3
33.Kg1 Ne4g3
34.Rf1f3 Qh3h1
35.Kf2 Qh1h2
36.Ke3 Qh2e2
37.Kd4 Qe2xf3
38.Qb4xb7 c5
{ resign }
0-1

[Event "Tourn. n8379"]
[Site "www.chess-mail.com"]
[Date "2015.10.05"]
[Round "1"]
[White "Paes19"]
[Black "Mitja"]
[WhiteElo "2000"]
[BlackElo "1900"]
[Result "0-1"]
[Round "1"]
1.e4 d5
2.c4 dxe4
3.Nb1c3 Ng8f6
4.d3 e6
5.Bc1g5 h6
6.Bg5xf6 Qd8xf6
7.dxe4 c6
8.Qd1f3 Qf6e7
9.a3 Qe7c5
10.Bf1d3 Nb8d7
11.b4 Qc5e5
12.Ng1e2 Nd7f6
13.O-O Bf8e7
14.c5 b5
15.Qf3h3 a6
16.f4 Qe5c7
17.e5 Nf6d5
18.Rf1f3 Bc8b7
19.Rf3g3 Be7f8
20.Nc3e4 O-O-O
21.Ne2d4 Nd5xf4
22.Qh3h4 Qc7xe5
23.Nd4c2 Nf4xd3
24.Ra1d1 g5
25.Qh4g4 f5
26.Ne4d6 Bf8xd6
27.Qg4d4 Qe5xd4
28.Nc2xd4 Bd6xg3
{ resign }
0-1

[Event "Tourn. n8341"]
[Site "www.chess-mail.com"]
[Date "2015.10.05"]
[Round "1"]
[White "Iko"]
[Black "Hansen"]
[WhiteElo "1580"]
[BlackElo "1510"]
[Result "0-1"]
[Round "1"]
1.e4 d5
2.Nb1c3 e6
3.exd5 exd5
4.g3 d4
5.Nc3e4 Qd8d5
6.Bf1g2 Qd5e5
7.f4 Qe5e6
8.Bg2h3 Qe6xe4
9.Qd1e2 Qe4xe2
10.Ng1xe2 Bc8xh3
11.Ne2xd4 Nb8d7
12.Nd4b5 Kd8
13.d4 c6
14.Nb5c3 Bf8b4
15.Bc1d2 Ng8f6
16.O-O-O Nf6g4
17.a3 Bb4xc3
18.Bd2xc3 Ng4f2
19.Rh1e1 b5
20.Rd1d2 Nf2g4
21.Re1e4 Rh8e8
22.Rd2e2 Nd7f6
23.Re4xe8 Nf6xe8
24.Bc3a5 Kd7
25.Re2e4 Ne8d6
26.Re4e2 Nd6c4
27.Ba5b4 Ra8e8
28.Re2xe8 Kxe8
29.b3 Nc4e3
30.Bb4c5 Ne3d5
31.Bc5xa7 Ng4e3
32.Kd2 Bh3f5
33.c4 Ne3f1
34.Ke1 Nf1xh2
35.cxd5 cxd5
36.b4 h5
37.Kf2 Bf5e4
38.Kg1 Nh2f3
39.Kf2 h4
40.gxh4 Nf3xh4
41.Kg3 Nh4f5
42.Kf2 Nf5h4
43.Kg3 Nh4g6
44.Kg4 f5
45.Kg5 Kf7
46.Ba7b8 Ng6e7
47.Bb8d6 Ne7c6
48.Bd6c5 g6
49.Kh6 Kf6
50.Bc5b6 Nc6e7
51.Bb6d8 Ke6
52.Kg5 Ne7c6
53.Bd8f6 Nc6b8
54.Bf6e5 Nb8d7
55.Be5g7 Kf7
56.Bg7h8 Nd7f8
57.Bh8e5 Nf8h7
58.Kh6 Kg8
59.Be5g7 g5
60.Bg7e5 g4
61.Be5f6 Nh7xf6
62.Kg5 Kg7
63.Kh4 Kh6
64.Kg3 Nf6h5
65.Kf2 g3
66.Kg1 Nh5xf4
67.a4 Nf4h3
68.Kf1 g2
69.Ke2 g1Q
70.Kd2 Qg1xd4
71.Ke2 Nh3g1
72.Kf1 Be4f3
73.axb5 Bf3e2
74.Ke1 Qd4d1
75.Kf2 Qd1f1
76.Kg3 Qf1f3
77.Kh2 Qf3g4
78.b6 Ng1f3
79.Kh1 Qg4g1

0-1

[Event "Tourn. n8355"]
[Site "www.chess-mail.com"]
[Date "2015.10.05"]
[Round "1"]
[White "Hundegana"]
[Black "Bojan"]
[WhiteElo "1960"]
[BlackElo "1940"]
[Result "0-1"]
[Round "1"]
1.e4 e5
2.c4 Bf8c5
3.Ng1f3 d6
4.h3 Nb8c6
5.d3 Ng8e7
6.Bc1e3 Nc6d4
7.Nf3xd4 exd4
8.Be3d2 Ne7g6
9.Bf1e2 Qd8f6
10.a4 a5
11.Qd1b3 Bc5b6
12.Nb1a3 Ra8a6
13.Na3b5 c6
14.Nb5a3 Bb6c7
15.f3 Ng6f4
16.Bd2xf4 Qf6xf4
17.Qb3c2 Qf4g3
18.Kf1 b6
19.Qc2c1 Bc7d8
20.Qc1e1 Qg3e5
21.g3 f5
22.f4 Qe5e6
23.Be2h5 g6
24.exf5 Qe6xe1
25.Ra1xe1 Kf7
26.fxg6 hxg6
27.Bh5f3 Bc8d7
28.Kg2 Ra6a7
29.b3 Bd7f5
30.Bf3xc6 Ra7e7
31.Re1xe7 Bd8xe7
32.Rh1d1 Bf5xh3
33.Kf2 Bh3g4
34.Bc6d5 Kf6
35.Rd1e1 Rh8h2
36.Bd5g2 d5
37.cxd5 Be7xa3
38.Kg1 Rh2h5
39.Re1e8 Bg4d1
40.Re8e6 Kf7
41.Re6xb6 Ba3b4
42.d6 Ke6
43.Bg2e4 Rh5h6
44.Kg2 Bd1xb3
45.Be4c6 Bb4xd6
46.Rb6xb3 Bd6b4
47.Bc6b5 Rh6h8
48.Rb3b2 Kf6
49.Rb2c2 Bb4c3
50.Rc2e2 g5
51.fxg5 Kxg5
52.Re2e4 Rh8f8
53.Re4e5 Kf6
54.Re5e8 Rf8f7
55.g4 Bc3d2
56.Re8d8 Bd2c3
57.Bb5c4 Rf7g7
58.Kf3 Rg7e7
59.Rd8d6 Kg5
60.Rd6d5 Kg6
61.Rd5d6 Kg5
62.Rd6d5 Kg6
63.g5 Re7e3
64.Kg4 Re3e1
65.Rd5d6 Kg7
66.g6 Re1g1
67.Kf5 Rg1f1
68.Ke5 Bc3b4
69.Rd6d7 Kxg6
70.Kxd4 Rf1e1
71.Bc4b5 Kf6
72.Kd5 Re1e5
73.Kc6 Re5c5
74.Kb6 Ke6
75.d4 Rc5xb5
76.Kxb5 Kxd7
77.d5 Kd6
78.Kc4 Ke5
79.d6 Kxd6
80.Kd4 Ke6
81.Ke4 Bb4e1
82.Kd4 Kf5
83.Kd5 Be1f2
84.Kc4 Ke4
85.Kb5 Bf2e1
86.Kc4 Be1b4
87.Kb3 Kd3
88.Kb2 Kc4
89.Ka2 Bb4c5
90.Kb2 Kb4
91.Ka2 Kxa4
92.Kb2 Kb4
93.Ka2 Bc5d4
94.Kb1 Kb3
95.Kc1 a4
96.Kb1 a3
97.Kc1 a2
98.Kd2 a1Q
{ resign }
0-1

[Event "Tourn. n8384"]
[Site "www.chess-mail.com"]
[Date "2015.10.05"]
[Round "1"]
[White "Vasylpuzanov"]
[Black "Sontuozio"]
[WhiteElo "2290"]
[BlackElo "2050"]
[Result "0-1"]
[Round "1"]
1.e4 e6
2.d4 d5
3.e5 c5
4.c3 Nb8c6
5.Ng1f3 Bc8d7
6.Bc1e3 cxd4
7.cxd4 Bf8b4
8.Nb1c3 Ng8e7
9.Bf1d3 Ra8c8
10.O-O Bb4xc3
11.bxc3 Nc6a5
12.Qd1d2 Na5c4
13.Bd3xc4 Rc8xc4
14.Qd2d3 { time. }
0-1

[Event "Tourn. n8384"]
[Site "www.chess-mail.com"]
[Date "2015.10.05"]
[Round "1"]
[White "Sontuozio"]
[Black "Scasan55"]
[WhiteElo "2050"]
[BlackElo "2040"]
[Result "1/2-1/2"]
[Round "1"]
1.d4 Ng8f6
2.Ng1f3 e6
3.e3 d5
4.Bf1d3 c5
5.c3 c4
6.Bd3c2 Bf8d6
7.Nb1d2 O-O
8.e4 dxe4
9.Nd2xe4 Nf6xe4
10.Bc2xe4 Nb8d7
11.Nf3g5 Nd7f6
12.Be4b1 h6
13.Ng5f3 b5
14.a3 Bc8b7
15.O-O Qd8c7
16.h3 Bb7xf3
17.Qd1xf3 Ra8d8
18.Bc1xh6 Qc7e7
19.Bh6g5 Bd6c7
20.h4 Rd8d5
21.Bb1e4 Rd5d7
22.h5 e5
23.d5 Qe7d6
24.Bg5xf6 Qd6xf6
25.Qf3xf6 gxf6
26.g4 Kg7
27.f3 Bc7b6
28.Kg2 Bb6e3
29.Ra1d1 Kh6
30.Rf1e1 Be3f4
31.Rd1b1 a5
32.Re1e2 a4
{ draw }
1/2-1/2

[Event "Tourn. n8398"]
[Site "www.chess-mail.com"]
[Date "2015.10.05"]
[Round "1"]
[White "Umzi"]
[Black "Libiesse"]
[WhiteElo "2130"]
[BlackElo "2090"]
[Result "1-0"]
[Round "1"]
1.e4 c5
2.Ng1f3 e6
3.d4 cxd4
4.Nf3xd4 Nb8c6
5.Bc1e3 d6
6.Bf1b5 Qd8c7
7.O-O a6
8.Bb5a4 b5
9.Ba4b3 Bc8b7
10.f3 Ng8f6
11.c3 Bf8e7
12.Nb1d2 Nc6a5
13.Bb3c2 O-O
14.Nd4b3 Na5c4
15.Nd2xc4 Qc7xc4
16.Nb3d4 Rf8d8
17.Bc2b3 Qc4c8
18.Ra1c1 d5
19.e5 Nf6d7
20.f4 Nd7b6
21.Qd1g4 Nb6c4
22.Rf1f3 Nc4xe3
23.Rf3xe3 Be7c5
24.Bb3c2 g6
25.h4 Qc8d7
26.h5 Qd7e8
27.hxg6 Bc5xd4
28.gxh7 Kh8
29.cxd4 Ra8c8
30.Re3g3 Qe8f8
31.Qg4g5 Rc8c4
32.Qg5f6 { resign }
1-0

[Event "Tourn. n8387"]
[Site "www.chess-mail.com"]
[Date "2015.10.05"]
[Round "1"]
[White "Caspito"]
[Black "Iko"]
[WhiteElo "1740"]
[BlackElo "1620"]
[Result "0-1"]
[Round "1"]
1.e4 e5
2.Ng1f3 d6
3.c3 Ng8f6
4.d3 d5
5.Nf3xe5 dxe4
6.d4 Bf8d6
7.Bc1f4 O-O
8.Bf1c4 Bc8e6
9.Bc4xe6 fxe6
10.Qd1b3 Nf6d5
11.Bf4g3 Bd6xe5
12.dxe5 b6
13.c4 Nd5e7
14.O-O Nb8c6
15.c5 Qd8d5
16.cxb6 axb6
17.Qb3xd5 Ne7xd5
18.Nb1c3 h5
19.h3 Rf8f5
20.Nc3xd5 exd5
21.e6 Ra8e8
22.Bg3xc7 Re8xe6
23.Bc7xb6 Nc6b4
24.Bb6c7 Nb4c2
25.Ra1c1 Re6c6
26.Bc7h2 e3
27.fxe3 Nc2xe3
28.Rf1xf5 Rc6xc1
29.Kf2 Ne3xf5
30.Bh2e5 d4
31.g4 d3
32.Be5f4 Rc1c2
33.Ke1 hxg4
34.hxg4 Nf5d4
35.b4 Rc2xa2
36.Bf4d6 d2
{ resign }
0-1

[Event "Tourn. n8339"]
[Site "www.chess-mail.com"]
[Date "2015.10.05"]
[Round "1"]
[White "Gegonz"]
[Black "Awfen"]
[WhiteElo "1880"]
[BlackElo "1960"]
[Result "1/2-1/2"]
[Round "1"]
1.Ng1f3 d5
2.c4 d4
3.e3 dxe3
4.fxe3 Nb8c6
5.d4 e6
6.Bf1d3 Bf8b4
7.Nb1d2 Ng8f6
8.O-O O-O
9.a3 Bb4a5
10.b4 Ba5xb4
11.axb4 Nc6xb4
12.Bd3e2 c5
13.dxc5 Qd8c7
14.Qd1a4 Qc7xc5
15.Nd2b3 Qc5e7
16.Bc1a3 Bc8d7
17.Qa4xb4 Qe7xb4
18.Ba3xb4 Rf8c8
19.Rf1d1 Bd7c6
20.Nb3d4 Bc6e4
21.h3 b6
22.Nd4b5 Be4xf3
23.gxf3 a6
24.Nb5d6 Rc8c6
25.e4 a5
26.Bb4c3 Nf6h5
27.e5 Nh5f4
28.Be2f1 Ra8a7
29.Nd6b5 Ra7a8
30.Rd1d6 Rc6c5
31.Rd6xb6 a4
32.Kf2 Ra8c8
33.Bc3d4 Rc5c6
34.Rb6xc6 Rc8xc6
35.Ra1xa4 g6
36.Nb5d6 { draw }
1/2-1/2

[Event "Tourn. n8378"]
[Site "www.chess-mail.com"]
[Date "2015.10.05"]
[Round "1"]
[White "Louis"]
[Black "Flick"]
[WhiteElo "1870"]
[BlackElo "1870"]
[Result "0-1"]
[Round "1"]
1.Ng1f3 Nb8c6
2.d4 d6
3.c4 Ng8f6
4.Nb1c3 e6
5.a3 Bf8e7
6.e4 d5
7.e5 Nf6e4
8.Qd1d3 b6
9.Nc3xe4 dxe4
10.Qd3xe4 Bc8b7
11.Bc1e3 Ra8b8
12.d5 exd5
13.cxd5 Nc6a5
14.Bf1b5 c6
15.dxc6 Na5xc6
16.Bb5xc6 Bb7xc6
17.Qe4xc6 Kf8
18.O-O Rb8c8
19.Qc6b7 Rc8c7
20.Qb7e4 h6
21.Ra1c1 Qd8c8
22.Rc1xc7 Qc8b8
23.Qe4c6 Qb8e8
24.Rc7c8 Be7d8
{ resign }
0-1

[Event "Tourn. n8332"]
[Site "www.chess-mail.com"]
[Date "2015.10.05"]
[Round "1"]
[White "Sfalcao"]
[Black "Azorau"]
[WhiteElo "1920"]
[BlackElo "1910"]
[Result "1-0"]
[Round "1"]
1.e4 e5
2.Ng1f3 Nb8c6
3.Bf1b5 Nc6d4
4.Nf3xd4 exd4
5.O-O Ng8f6
6.Qd1f3 Qd8e7
7.c3 c6
8.Bb5c4 b5
9.Bc4b3 a5
10.Rf1e1 a4
11.Bb3c2 Bc8b7
12.e5 Nf6d5
13.d3 c5
14.c4 bxc4
15.dxc4 d6
16.cxd5 O-O-O
17.Qf3f5 Kb8
18.Bc2xa4 g6
19.Qf5e4 Bf8g7
20.Nb1a3 Bg7xe5
21.Na3c4 f5
22.Qe4f3 Qe7f7
23.Nc4xe5 dxe5
24.Ba4c6 Bb7xc6
25.dxc6 e4
26.Bc1f4 Kc8
27.Qf3a3 { resign }
1-0